[Event "Liberec op 18th"]
[Site "Liberec"]
[Date "2018.02.24"]
[Round "1"]
[White "Kopecky, Zdenek"]
[Black "Bradac, Daniel"]
[Result "0-1"]
[WhiteElo "1579"]
[BlackElo "2011"]
[PlyCount "44"]
[EventDate "2018.02.24"]
[EventType "swiss"]
[EventRounds "9"]
[EventCountry "CZE"]
[SourceTitle "CBM 183 Extra"]
[Source "ChessBase"]
[SourceDate "2018.04.19"]
[SourceVersion "1"]
[SourceVersionDate "2018.04.19"]
[SourceQuality "1"]

1. d4 Nf6 2. c4 g6 3. Nc3 Bg7 4. e4 d6 5. Be2 0-0 6. Nf3 Nbd7 7. 0-0 e5 8. d5 a5 9. Ne1 Ne8 10. Qc2 f5 11. f4 Nc5 12. Bf3 exf4 13. Nd3 g5 14. Nxc5 dxc5 15. exf5 Bxf5 16. Be4 Nd6 17. Bxf5 Nxf5 18. Ne2 Qe7 19. Qd3 Rae8 20. Nc3 Qd6 21. Bd2 Bd4+ 22. Kh1 Ng3+ 0-1